000 01925nam a2200421 c 4500
003 BLK
005 20250721100832.0
008 180411b bul|||||r ||||||| ||bul||
010 _aKNG00185655000
020 _a978-619-150-323-0
_bиздат.: Колибри
040 _aBLK
041 _aBUL
_cBUL
072 7 _2bullib
_aН85
_xДетска художествена литература Н
080 _aФренска литература
_b821.133.1
_x-93-91
_z821.133.1-93-91
700 1 _aГосини, Рьоне
_eпо
_955312
700 1 _aСемпе, Жан-Жак
_eпо
_9119652
700 1 _aЛьопти, Еманюел
_eадапт.
_990147
700 1 _aМаркова, Румяна Димитрова
_eпрев. от фр.
_9381436
139 _aМалкият Никола - 1
_bМ 23
245 1 0 _aМалкият Никола - 1
_bСнимка на класа
_cпо Рьоне Госини; по Жан-Жак Семпе; адапт. Еманюел Льопти; прев. от фр. Румяна Димитрова Маркова.
257 _aFRA
260 София
_bКолибри
_c2014
_fСофия : Дедракс
300 _a31 с.
_bс цв. ил.
_c19 см
380 _aDX
490 1 _aПоредица за най-малките Аз се уча да чета
490 1 _3Подсерия
_aМога да чета самичък
_vНиво 2
500 _aОриг. загл. Le Petit Nicolas / d'apres l'ouevre de Rene Goscinny et Jean-Jacques Sempe.
653 _aадаптирани книги
653 _aлитература за деца
653 _aдетска литература
659 _aН
852 _aЦб 278727
856 4 _qpdf
_u
856 4 _qpdf
_u
942 _cKNG
_n0
_047
944 _aCR
_c17.12.2015
_lМоника Янева
_k30570
944 _aED
_c12.08.2016
_lф /
_kПенка_Димитрова
999 _c177019
_d177019